| 000 | 004780000a22001690004500 | ||
|---|---|---|---|
| 003 | MACL | ||
| 005 | 20160218113525.0 | ||
| 008 | 160218b xxu||||| |||| 00| 0 eng d | ||
| 040 |
_aMACL _cMACL |
||
| 041 | _aHindi | ||
| 082 | _a370 | ||
| 100 |
_aगांधीजी _938113 |
||
| 245 | _aसच्ची शिक्षा | ||
| 260 |
_bनवजीवन प्रकाशन _c1956 _aअहमदाबाद |
||
| 650 |
_aEducation _938789 |
||
| 942 |
_cHIN _k370 _2ddc |
||
| 999 |
_c25323 _d25323 |
||